| Поле | Название | Значение |
| |
Тип записи |
a |
| |
Библиографический уровень |
m |
| 001 |
Контрольный номер |
bc8a0902047946ab8b1c49ef926bb21b |
| 005 |
Дата корректировки |
20140731163830.6 |
| 010 |
Индекс ISBN |
__ |
| a |
ISBN |
978-5-98704-329-8 |
| 101 |
Язык документа |
0_ |
| a |
Язык текста |
rus |
| 102 |
Страна публикации |
__ |
| a |
Страна публикации |
RU |
| 200 |
Заглавие и сведения об ответственности |
1_ |
| a |
Заглавие |
Документоведение |
| b |
Общее обозначение материала |
Текст |
| e |
Сведения, относящиеся к заглавию |
Учебник |
| f |
Первые сведения об ответственности |
Н.Н. Куняев, Д.Н. Уралов, А.Г. Фабричнов; под ред. проф. Н.Н. Куняева |
| 210 |
Выходные данные |
1_ |
| a |
Место издания |
М.: |
| c |
Издательство |
Логос |
| d |
Дата издания |
2011 |
| 215 |
Физическое описание |
__ |
| a |
Объем |
352С |
| e |
Сопроводительные материалы |
CD |
| 225 |
Серия |
2_ |
| a |
Серия |
Новая университетская библиотека |
| 610 |
Ключевые слова |
0_ |
| a |
Ключевые слова |
документоведение, документ, классификация документов, документный ресурс, официальные и служебные документы, документы физических лиц |
| 686 |
Индексы других классификаций |
__ |
| a |
Классификационный индекс |
65.050.2 |
| 700 |
Автор |
_1 |
| a |
Фамилия |
Куняев |
| b |
Имя |
Н.Н. |
| 801 |
Источник записи |
_0 |
| a |
Страна |
RU |
| b |
Организация |
РУК |
| g |
Правила каталогизации |
PSBO |
| 801 |
Источник записи |
_1 |
| a |
Страна |
RU |
| b |
Организация |
РУК |
| g |
Правила каталогизации |
PSBO |
| 852 |
Данные о местонахождении |
__ |
| i |
Авторский знак |
К 91 |
| j |
Шифр хранения |
ББК 65.050.2 |
| 901 |
Тип документа |
__ |
| t |
Тип документа |
m |
| 937 |
Технологическая информация |
__ |
| a |
Создатель записи (имя) |
ОрловаОВ |
| 938 |
Служебная информация |
__ |
| a |
Название организации |
Смоленский филиал |
| 952 |
Тип литературы |
__ |
| c |
Вид литературы |
учебник |